000 02144nam a2200325 i 4500
001 193977
003 SpMaBN
005 20250711063122.0
008 240125s2023 sp | |||| 000 spa
015 _aMON24
017 _aBI 01040-2023
_bOficina Depósito Legal Vizcaya
020 _a9788412583373
040 _aSpMaBN
_bspa
_cSpMaBN
_erda
100 _aCesarco, Alejandro
_eart
_9240460
245 _aOtros ejemplos recientes
_b= Other Recent Examples = Outros exemplos recentes = Beste adibide berri batzuk /
_cAlejandro Cesarco ; traducciones de Cecilia Pavón, Luìsa Yokochi, Maria Jose Kerejeta
260 _aBilbao :
_bArtium Museoa ; Luminar Cité ; Caniche Editorial,
_c2023
300 _a166 pág ;
_c20 cm
336 _aTexto
_2rdacontent
337 _asin mediación
_2rdamedia
338 _avolumen
_2rdacarrier
501 _a
520 _aOtros ejemplos recientes no es técnicamente ni un libro de artista, ni un catálogo, ni un libro de ensayo, ni un ejercicio de traducción, y sin embargo es todo eso a la vez. Esta publicación reúne, por un lado, obra que aborda las diferentes funciones, usos y formas de la pedagogía y, por otro, trabajos que reflexionan sobre las relaciones entre la lengua materna, el bilingüismo y el peculiar ecosistema que sustenta esa interrelación. Otros ejemplos recientes incluye, además, un ensayo de Mirene Arsanios, cartelas de obras expandidas y una serie de epígrafes que funcionan como prólogo y delatan la influencia de Macedonio Fernández en la concepción de la publicación. Editado con ocasión de las exposiciones de Alejandro Cesarco en Artium Museoa (Vitoria) y Lumiar Cité (Lisboa).
655 7 _2tgfbne
_9193628
_aCatálogos de exposiciones
852 _aES-MaACL
_bR.154988
_cDEPOJ
_jN-9781
_xEncuadernación rústica con solapas
_hDonación: Editorial
_9205511
942 _cMONOGRAFIA
_n0
999 _c193977
_d193977